000 00913cam a2200229u 4500
001 000019131
005 20200929165930.0
008 820504s1969 gw 000 0 ger
040 _aDO-SdBNP
_cCarP
_dDLC
_dBNPHU
082 _aC861
_bD852a
245 0 4 _aDas Duell und andere kolumbianische Erzahlungen /
_cselección y redacción Peter Schultze-Kraft.
260 _aTübingen, :
_bHorst Erdmann Verlag,
_c1969.
300 _a403 p. ;
_c21 cm.
490 1 _aLibros espirituales, encuentro del Instituto de Relaciones Culturales ;
_v25
500 _aIncluye referencia biográfica sobre el editor en la contrasolapa.
650 4 _aCuentos colombianos
_921475
650 4 _aLiteratura colombiana
_91244
700 1 _aSchultze-Kraft, Peter,
_d1937-
_941156
830 0 _aLibros espirituales encuentro del Instituto de Relaciones Culturales ;
_n25
_941157
910 _aCatalogación derivada / LC
049 _aBNGR
999 _c18649
_d18649